logo

Bir Sreshtho Munshi Abdur Rouf Library
Jhenaidah Cadet College

Teaching Our Children / (Record no. 5918)

MARC details
000 -LEADER
fixed length control field 00582nam a2200241 a 4500
001 - CONTROL NUMBER
JCCL Control Number 5918
003 - CONTROL NUMBER IDENTIFIER
JCCL marc code BD-JhCC
005 - DATE AND TIME OF LATEST TRANSACTION
control field 20171231120100.0
008 - FIXED-LENGTH DATA ELEMENTS--GENERAL INFORMATION
fixed length control field 171230s1938 bg |||| ||a| 000 0 eng d
020 ## - INTERNATIONAL STANDARD BOOK NUMBER
International Standard Book Number 0938030019
035 ## - SYSTEM CONTROL NUMBER
system control number (BD-JhCC)5918
040 ## - CATALOGING SOURCE
Original cataloging agency BD-JhCC
Modifying agency BD-JhCC
041 ## - LANGUAGE CODE
Language code of Book eng
082 ## - DEWEY DECIMAL CLASSIFICATION NUMBER
Classification number 649.6
Author mark and Year MAC 1981
100 ## - MAIN ENTRY--PERSONAL NAME
Personal name Macht, Joel
245 ## - TITLE STATEMENT
Title Teaching Our Children /
Statement of responsibility, etc Joel Macht
260 ## - PUBLICATION, DISTRIBUTION, ETC. (IMPRINT)
Place of publication, distribution, etc USA :
Name of publisher, distributor, etc Jem Publsihing,
Date of publication, distribution, etc 1938.
300 ## - PHYSICAL DESCRIPTION
Pagination 143 p. :
Dimensions 21 cm.
650 ## - SUBJECT ADDED ENTRY--TOPICAL TERM
Topical term or geographic name as entry element Parenting
650 ## - SUBJECT ADDED ENTRY--TOPICAL TERM
Topical term or geographic name as entry element Children Development
942 ## - ADDED ENTRY ELEMENTS (KOHA)
Source of classification or shelving scheme Dewey Decimal Classification
Koha item type Books
Holdings
Source of classification or shelving scheme Damaged status Not for loan Home library Current library Shelving location Total Checkouts Full call number Barcode Date last seen Copy number Koha item type
Dewey Decimal Classification     JCC Rouf Library JCC Rouf Library General Stacks   649.6 MAC 1981 8383 12/30/2017 C - 1 Books

JCC Library | Contacts | JCC Home

Last Update on 23 September 2017
Copyright @ 2017-2020 JCC Rouf Library
Rouf Library, Jhenidah Cadet College (JCC), Bangladesh